000 00660nam a22002055i 4500
005 20180806114023.0
010 _aB-701199
020 _a9789357940528
_c195.00
035 _aB-701199
037 _bDBAD
_adpl
082 _a510
100 1 _aShraddha Singh
245 1 0 _aInternational mathematics Olympiad - 3 /
_cby Shraddha Singh
260 _bV & S Publishers
_c2016
270 _aF-2/16, Ansari Road, Darya Ganj
_bNew Delhi
_e110002
300 _a142 p ;
_b24cm (pbk)
_cIllus.
_eC,D. Rome
490 _aThe Gen.X series
_v3
942 _2ddc
_cCH
_h510
_mSRA
999 _c155517
_d155517